000 00322nab a22001097u 4500
008 130520b2004 xxu||||| |||| 00| 0 spa d
041 _aspa
100 1 _aDussel, Enrique D.
_98971
245 0 0 _aLa China (1421-1800)
_cEnrique D. Dussel
773 0 _tAnthropos
_gV.25, nº1-2,2004,págs. 7-52
_x0254-1629
_wRev38
942 _cAR
999 _c381448
_d381448